| 000 | 00668nam a2200229Ia 4500 | ||
|---|---|---|---|
| 003 | OSt | ||
| 005 | 20220925235538.0 | ||
| 006 | a|||||r|||| 00| 0 | ||
| 007 | ta | ||
| 008 | 220923b |||||||| |||| 00| 0 eng d | ||
| 037 | _cGeneral Book | ||
| 040 |
_aRTL _cRTL _beng |
||
| 041 |
_2eng _aeng |
||
| 082 | _aX:92.2.N9, N3 | ||
| 100 |
_aGauri Shankar _9301415 |
||
| 245 | 0 | _aManagerial motivation and job performance | |
| 260 |
_a New Delhi _bDeep and Deep India _c1993 |
||
| 300 |
_axi, 205p. Bibliography p 180-202 _ccm. |
||
| 650 |
_aJob Evaluation _9241457 |
||
| 942 |
_hX:92.2.N9, N3 _cGB _2CC |
||
| 999 |
_c597493 _d597493 |
||